Green Energy Sources And Future Energy Scenario (Record no. 14233)
[ view plain ]
| 000 -LEADER | |
|---|---|
| fixed length control field | 00310nam a22001217a 4500 |
| 020 ## - INTERNATIONAL STANDARD BOOK NUMBER | |
| ISBN | 9789351280002 |
| 082 ## - DEWEY DECIMAL CLASSIFICATION NUMBER | |
| Classification number | 628.23 |
| Item number | MUT.GR |
| 100 ## - MAIN ENTRY--AUTHOR NAME | |
| Personal name | Muthukrishna Iyer. S |
| 245 ## - TITLE STATEMENT | |
| Title | Green Energy Sources And Future Energy Scenario |
| 260 ## - PUBLICATION, DISTRIBUTION, ETC. (IMPRINT) | |
| Place of publication | Delhi |
| Name of publisher | kalpaz Publications |
| Year of publication | 2014 |
| 300 ## - PHYSICAL DESCRIPTION | |
| Number of Pages | 214 |
| 942 ## - ADDED ENTRY ELEMENTS (KOHA) | |
| Koha item type | Books |
| Withdrawn status | Lost status | Damaged status | Collection code | Home library | Current library | Shelving location | Date acquired | Source of acquisition | Cost, normal purchase price | Full call number | Accession Number | Koha item type |
|---|---|---|---|---|---|---|---|---|---|---|---|---|
| KAUAET | KAUAET | General Stacks | 07/06/2016 | Aman Books, Calicut | 650.00 | 628.23 MUT.GR | 24663 | Books |
